000 01125nam a2200253 i 4500
001 190011
003 ES-MaACL
005 20240409170710.0
007 t|
008 200305s1967 sp |||| | spa d
100 1 _aBertrán Quera, Miguel.
_928506
245 1 4 _aLos principios de la primera pedagogía de los jesuitas :
_b(un nuevo análisis y sistematización de sus fuentes desde San Ignacio hasta las primeras "Ratio Studiorum") /
_cpor Miguel Bertrán Quera.
260 _aBarcelona :
_b[Universidad, Facultad de Filosofía y Letras,
_c1967] (
_fIvern)
300 _a30 p. ;
_c24 cm.
502 _aTesis-Univ. Barcelona (Extracto)
504 _aBibliografía: p. 27-30.
594 _aPrecede al tít.: Universidad de Barcelona. Secretariado de Publicaciones, Intercambio Científico y Extensión Universitaria.
610 2 4 _aJesuitas-
_xEducación.
_9169840
655 _aTesis y escritos académicos
_9226867
710 2 _aUniversidad de Barcelona.
_bFacultad de Filosofía y Letras.
_97149
852 4 _aES-MaACL
_jP-1415 (7)
_9197162
_bR.68610
_cDEPO2
942 _2udc
999 _c190011
_d190011